Pays limitrophes des Pays commençant par la lettre T - Statistiques

Statistiques générales
  • Ce quiz a été pris 482 fois
  • Le résultat moyen est 32 sur 36
Statistiques - réponses
Réponse % Correct
Algérie
99%
Libye
99%
Laos
97%
Ouzbékistan
97%
Cambodge
96%
Niger
96%
Soudan
96%
Kenya
95%
Myanmar
95%
Arménie
94%
Chine
94%
Irak
94%
Iran
94%
Géorgie
93%
Indonésie
93%
Nigeria
93%
Syrie
93%
Bénin
91%
Ghana
91%
Mozambique
91%
Rwanda
90%
Afghanistan
89%
Azerbaïdjan
89%
République Démocratique du Congo
89%
Burundi
88%
Ouganda
88%
Grèce
85%
Kirghizistan
84%
Malawi
84%
Kazakhstan
81%
Malaisie
80%
République Centrafricaine
80%
Zambie
80%
Burkina Faso
78%
Cameroun
78%
Bulgarie
77%
Aucun quiz correspondant
Distribution des résultats
% des personnes avec chaque résultat
Percentile par nombre de réponses
Votre historique - résultats
Vous n’avez pas pris ce quiz